|
|
|
|
| LEADER |
00918nam a2200253 u 4500 |
| 001 |
10040410 |
| 003 |
upatras |
| 005 |
20210117195902.0 |
| 008 |
010709s1998 au eng |
| 020 |
|
|
|a 3211830812
|
| 040 |
|
|
|a GR-PaULI
|c GR-PaULI
|
| 041 |
0 |
|
|a eng
|
| 082 |
0 |
4 |
|a 720
|
| 245 |
1 |
0 |
|a Borderline
|c Lebbeus Woods, Ekkehard Rehfeld editors
|
| 260 |
|
|
|a Wien
|b Springer
|c 1998
|
| 300 |
|
|
|b phot., fig.
|c 21 cm.
|
| 650 |
|
4 |
|9 2
|a Αρχιτεκτονική, Οικιακή
|z Ελλάδα
|
| 700 |
1 |
|
|a Woods, Lebbeus
|9 29044
|
| 700 |
1 |
|
|a Rehfeld, Ekkehard
|d 340
|9 29045
|
| 852 |
|
|
|a GR-PaULI
|b ΠΑΤΡΑ
|b ΑΡΧΙΤΕΚΤΟΝΙΚΗ
|k ΑΣΧΞ-2
|h 720 W
|m 001892
|p 025000094879
|t 1
|
| 942 |
|
|
|2 ddc
|c BK15
|
| 952 |
|
|
|0 0
|1 0
|4 0
|6 720_000000000000000_W
|7 0
|9 27450
|a ARCH
|b ARCH
|d 2016-04-24
|i 001892
|l 5
|m 3
|o 720 W
|p 025000094879
|r 2025-01-21 11:58:25
|s 2024-12-12
|t 1
|w 2016-04-24
|y BK15
|
| 998 |
|
|
|c MANIAKH
|d 2001-07
|
| 999 |
|
|
|c 17427
|d 17427
|